Hướng dẫn ôn tập toán sơ cấp Sách dùng cho học sinh chuẩn bị thi vào các trường Đại học và Cao đẳng
محفوظ في:
| المؤلف الرئيسي: | |
|---|---|
| التنسيق: | كتاب |
| اللغة: | Undetermined |
| منشور في: |
Hà Nội
ĐH và THCN
1983
|
| الموضوعات: | |
| الوسوم: |
إضافة وسم
لا توجد وسوم, كن أول من يضع وسما على هذه التسجيلة!
|
| Thư viện lưu trữ: | Trung tâm Học liệu Trường Đại học Cần Thơ |
|---|
| LEADER | 00607nam a2200181Ia 4500 | ||
|---|---|---|---|
| 001 | CTU_1062 | ||
| 008 | 210402s9999 xx 000 0 und d | ||
| 082 | |a 510 | ||
| 082 | |b Ch312h | ||
| 100 | |a Phan Đức Chính | ||
| 245 | 0 | |a Hướng dẫn ôn tập toán sơ cấp | |
| 245 | 0 | |b Sách dùng cho học sinh chuẩn bị thi vào các trường Đại học và Cao đẳng | |
| 245 | 0 | |c Phan Đức Chính | |
| 260 | |a Hà Nội | ||
| 260 | |b ĐH và THCN | ||
| 260 | |c 1983 | ||
| 650 | |a mathematics, plane | ||
| 980 | |a Trung tâm Học liệu Trường Đại học Cần Thơ | ||